=LDR 00000nam 2200000 4500 =001 INLIS000000000050436 =005 20170504011843 =035 ##$$a 0010-0517000089 =007 ta =008 170504###########################0###### =020 ##$$a 978 - 979 - 1493 - 24 - 6 =082 ##$$a 639.31 =084 ##$$a 639.31 ASM m =100 #$$a Asmara, Adi =245 1#$$a Meraih untung memelihara ikan koi /$c Adi Asmara =260 ##$$a Bandung :$b Titian Ilmu,$c 2007 =300 ##$$a vi, 96 hlm : $b ilus ; $c 21 cm =650 ##$$a IKAN KOI =990 ##$$a 78117811 =990 ##$$a 78117811 =990 ##$$a 31701455 =990 ##$$a 02201707811 =990 ##$$a 31701456 =990 ##$$a 31701455